[Event "Bayern-chTT (Oberliga)"]
[Site "Bayern 2008/09"]
[Date "2008.12.14"]
[Round "4.2"]
[White "Speckner, Roland"]
[Black "Blaskowski, Johannes"]
[Result "1/2-1/2"]
[WhiteElo "2295"]
[BlackElo "2295"]
[PlyCount "69"]
[EventDate "2009.03.??"]
[EventType "team-tourn"]
[EventRounds "9"]
[WhiteTeam "Regensburg-Fortuna 1"]
[BlackTeam "Pang/Ro.1"]

1. e4 c5 2. Nf3 e6 3. d3 Nc6 4. c3 d5 5. Qe2 Nf6 6. g3 b6 7. Bg2 Be7 8. O-O O-O
9. e5 Ne8 10. Na3 Nc7 11. Nc2 Ba6 12. h4 Qd7 13. h5 h6 14. Bf4 Rad8 15. Rfe1 d4
16. c4 Bxc4 17. dxc4 d3 18. Qe4 dxc2 19. Qxc2 Nb4 20. Qe4 Qc6 21. Qb1 Nd3 22.
Nd4 Qd7 23. Qxd3 cxd4 24. a3 a5 25. b4 axb4 26. axb4 Bxb4 27. Red1 Qe7 28. Qe4
b5 29. Rxd4 bxc4 30. Rxd8 Rxd8 31. Ra7 Qd7 32. Qxc4 Qd1+ 33. Qf1 Qxf1+ 34. Kxf1
Nd5 35. Bxd5 1/2-1/2

[Event "Bayern-chTT (Oberliga)"]
[Site "Bayern 2008/09"]
[Date "2008.12.14"]
[Round "4.3"]
[White "Vogel, Robert(57)"]
[Black "Rother, Christoph"]
[Result "1-0"]
[WhiteElo "2207"]
[BlackElo "2239"]
[PlyCount "89"]
[EventDate "2009.03.??"]
[EventType "team-tourn"]
[EventRounds "9"]
[WhiteTeam "Pang/Ro.1"]
[BlackTeam "Regensburg-Fortuna 1"]

1. d4 Nf6 2. c4 e6 3. Nc3 Bb4 4. e3 Bxc3+ 5. bxc3 c5 6. Bd3 d6 7. Ne2 Nc6 8.
O-O Qe7 9. f4 e5 10. fxe5 dxe5 11. Ng3 Bd7 12. Rb1 b6 13. Ne4 Nxe4 14. Bxe4 O-O
15. Qh5 g6 16. Qf3 Rac8 17. Bd5 Kg7 18. Ba3 f5 19. Rbd1 Rfe8 20. e4 Rf8 21.
dxc5 bxc5 22. Rb1 Nd8 23. exf5 gxf5 24. Rbe1 Kh8 25. Qg3 f4 26. Qf2 Bf5 27.
Qxf4 Nc6 28. Bxc6 exf4 29. Rxe7 Rxc6 30. Rxf4 Rcf6 31. Bxc5 R6f7 32. Rxa7 Be6
33. Rfxf7 Rxf7 34. Bd4+ Kg8 35. Ra8+ Rf8 36. Rxf8+ Kxf8 37. a4 Bxc4 38. Kf2 Ke7
39. Ke3 Kd6 40. Kf4 Kc6 41. Ke5 Bb3 42. a5 Kb5 43. Bb6 Bc2 44. Kd4 Bb3 45. Bd8
1-0

[Event "Bayern-chTT (Oberliga)"]
[Site "Bayern 2008/09"]
[Date "2008.12.14"]
[Round "4.4"]
[White "Pohl-Kuemmel, Jens-Uwe"]
[Black "Maurer, Jochen(80)"]
[Result "1-0"]
[WhiteElo "2190"]
[BlackElo "2164"]
[PlyCount "123"]
[EventDate "2009.03.??"]
[EventType "team-tourn"]
[EventRounds "9"]
[WhiteTeam "Regensburg-Fortuna 1"]
[BlackTeam "Pang/Ro.1"]

1. c4 Nf6 2. Nf3 c6 3. b3 d6 4. g3 Bg4 5. Bg2 Nbd7 6. Bb2 e5 7. O-O Be7 8. Nc3
O-O 9. h3 Bh5 10. Nh4 Re8 11. Nf5 Bg6 12. Nxe7+ Qxe7 13. d3 Qe6 14. e4 d5 15.
exd5 cxd5 16. Nxd5 Nxd5 17. Bxd5 Qxh3 18. Bg2 Qf5 19. Be4 Qh3 20. Bxg6 hxg6 21.
Re1 Qf5 22. Re3 Rad8 23. Qe2 Re6 24. Rd1 g5 25. Qf3 Qxf3 26. Rxf3 Nc5 27. Re3
e4 28. d4 Nd3 29. Bc3 g4 30. Kg2 f5 31. Rdxd3 g5 32. d5 Rh6 33. Rd1 f4 34. gxf4
gxf4 35. Rxe4 Rh3 36. Rxf4 Rxc3 37. Rxg4+ Kf7 38. Rh1 Kf6 39. Rh3 Rc2 40. a4
Kf5 41. Rg7 Ke4 42. Rg4+ Kf5 43. Rgg3 a6 44. Re3 b5 45. Rhf3+ Kg5 46. Re5+ Kg4
47. Re7 Kg5 48. axb5 axb5 49. Rg7+ Kh6 50. Rg4 Kh5 51. Kg3 b4 52. Rf5+ Kh6 53.
Rf6+ Kh7 54. Re6 Rc3+ 55. Re3 Re8 56. Rxc3 bxc3 57. Rh4+ Kg6 58. c5 Rb8 59. b4
Ra8 60. Rc4 Ra3 61. f3 Kf5 62. c6 1-0

[Event "Bayern-chTT (Oberliga)"]
[Site "Bayern 2008/09"]
[Date "2008.12.14"]
[Round "4.5"]
[White "Wachinger, Guenther"]
[Black "Mandl, Robert"]
[Result "1/2-1/2"]
[WhiteElo "2207"]
[BlackElo "2199"]
[PlyCount "39"]
[EventDate "2009.03.??"]
[EventType "team-tourn"]
[EventRounds "9"]
[WhiteTeam "Pang/Ro.1"]
[BlackTeam "Regensburg-Fortuna 1"]

1. d4 Nf6 2. Nf3 e6 3. c4 b6 4. g3 Bb7 5. Bg2 Be7 6. Nc3 O-O 7. O-O Ne4 8. Bd2
Bf6 9. Qc2 Nxc3 10. Bxc3 d5 11. Ne5 Na6 12. Rad1 Qc8 13. Ng4 Be7 14. cxd5 exd5
15. Ne3 Rd8 16. Bf3 Qe6 17. Bg4 Qf6 18. Qa4 c6 19. Bf3 Nc7 20. Ng4 1/2-1/2

[Event "Bayern-chTT (Oberliga)"]
[Site "Bayern 2008/09"]
[Date "2008.12.14"]
[Round "4.6"]
[White "Jauernig, Udo"]
[Black "Duer, Werner"]
[Result "1/2-1/2"]
[WhiteElo "2161"]
[BlackElo "2189"]
[PlyCount "43"]
[EventDate "2009.03.??"]
[EventType "team-tourn"]
[EventRounds "9"]
[WhiteTeam "Regensburg-Fortuna 1"]
[BlackTeam "Pang/Ro.1"]

1. d4 d5 2. Nf3 Nf6 3. c4 c6 4. Qc2 g6 5. e3 Bf5 6. Bd3 Bxd3 7. Qxd3 Bg7 8. Nc3
O-O 9. O-O Nbd7 10. e4 dxe4 11. Nxe4 Qc7 12. Bg5 Nxe4 13. Qxe4 e5 14. dxe5 Nxe5
15. Bf4 Nxf3+ 16. Qxf3 Qb6 17. Rab1 Qa6 18. Qb3 Rfe8 19. Be3 Bf6 20. a3 Rad8
21. Rbd1 b6 22. c5 1/2-1/2

[Event "Bayern-chTT (Oberliga)"]
[Site "Bayern 2008/09"]
[Date "2008.12.14"]
[Round "4.7"]
[White "Lindenberg, Georg"]
[Black "Boca, Harald"]
[Result "0-1"]
[WhiteElo "2086"]
[BlackElo "2080"]
[PlyCount "125"]
[EventDate "2009.03.??"]
[EventType "team-tourn"]
[EventRounds "9"]
[WhiteTeam "Pang/Ro.1"]
[BlackTeam "Regensburg-Fortuna 1"]

1. e4 c5 2. Nf3 d6 3. Bb5+ Bd7 4. Bxd7+ Qxd7 5. c4 Nc6 6. O-O g6 7. d4 cxd4 8.
Nxd4 Bg7 9. Be3 Nf6 10. f3 O-O 11. Nc3 Rfc8 12. Nde2 Ne5 13. b3 Qd8 14. Nd5
Nxd5 15. Qxd5 Qc7 16. Rac1 Nc6 17. Rfd1 Nb4 18. Qb5 Nc6 19. Nc3 a6 20. Qa4 e6
21. Qa3 Bf8 22. Qb2 Bg7 23. Qa3 Bf8 24. Qb2 Bg7 25. Qd2 Re8 26. Qxd6 Qa5 27.
Na4 Qh5 28. Qc5 Ne5 29. Qb6 g5 30. Qxb7 g4 31. f4 g3 32. fxe5 Qxh2+ 33. Kf1 Bh6
34. Bg1 Qh4 35. Rc3 Rad8 36. Rcd3 Rxd3 37. Rxd3 Qf4+ 38. Ke1 Qc1+ 39. Rd1 Qc2
40. Qd7 Rf8 41. Qd3 Qxg2 42. Bc5 Kh8 43. Rb1 Rg8 44. Nc3 Qh1+ 45. Ke2 Qh2+ 46.
Kd1 Qh5+ 47. Ne2 Qh4 48. Kc2 Qh2 49. Be7 Bg7 50. Bf6 Bxf6 51. exf6 h5 52. Rg1
Qf2 53. Kb1 h4 54. e5 Rg4 55. Qd2 Kh7 56. Kc1 g2 57. Qd3+ Kh6 58. Qd2+ Kh5 59.
Qd3 Kg5 60. Qd2+ Kf5 61. Qd3+ Kxe5 62. Qc3+ Kf5 63. Re1 0-1

[Event "Bayern-chTT (Oberliga)"]
[Site "Bayern 2008/09"]
[Date "2008.12.14"]
[Round "4.8"]
[White "Jell, Klaus"]
[Black "Berchtenbreiter, Maximilian"]
[Result "1-0"]
[WhiteElo "2198"]
[BlackElo "2147"]
[PlyCount "115"]
[EventDate "2009.03.??"]
[EventType "team-tourn"]
[EventRounds "9"]
[WhiteTeam "Regensburg-Fortuna 1"]
[BlackTeam "Pang/Ro.1"]

1. e4 c5 2. Nf3 d6 3. d4 cxd4 4. Nxd4 Nf6 5. Nc3 a6 6. Be3 e5 7. Nb3 Be6 8. f3
Be7 9. Qd2 O-O 10. O-O-O a5 11. Kb1 a4 12. Nc1 a3 13. b3 Qc8 14. Nd5 Bxd5 15.
exd5 Nxd5 16. Qxd5 Qc3 17. Bd4 exd4 18. Qxd4 Qc7 19. Bc4 Nc6 20. Qd2 Rfc8 21.
Ne2 Ne5 22. Bd5 Ra5 23. c3 Bf6 24. f4 Ng4 25. Rc1 Re8 26. Bf3 Nf2 27. Rhe1 Ne4
28. Qd3 d5 29. c4 Nc5 30. Qc2 dxc4 31. Qxc4 g6 32. Nc3 Rxe1 33. Rxe1 b5 34.
Nxb5 Qd7 35. Qxc5 Rxb5 36. Qe3 Kg7 37. g4 Rb6 38. g5 Bd4 39. Rd1 Rd6 40. Qe4
Bb2 41. Rxd6 Qxd6 42. Qe3 Bd4 43. Qd2 Be5 44. Qxd6 Bxd6 45. Kc2 Bxf4 46. b4
Bxh2 47. Kb3 Kf8 48. Kxa3 Ke7 49. b5 Bf4 50. Kb4 Bxg5 51. b6 Kd7 52. Bb7 f5 53.
a4 h5 54. a5 Bd2+ 55. Kb5 Bxa5 56. Kxa5 g5 57. Ka6 g4 58. Bg2 1-0

[Event "Bayern-chTT (Oberliga)"]
[Site "Bayern 2008/09"]
[Date "2008.12.14"]
[Round "4.1"]
[White "Terekhov, Andrey"]
[Black "Jirovsky, Pavel"]
[Result "1/2-1/2"]
[WhiteElo "2338"]
[BlackElo "2295"]
[PlyCount "36"]
[EventDate "2009.03.??"]
[EventType "team-tourn"]
[EventRounds "9"]
[WhiteTeam "München-Bayern 2"]
[BlackTeam "Königshofen 1"]

1. d4 d5 2. c4 e6 3. Nc3 Nf6 4. cxd5 exd5 5. Bg5 Nbd7 6. e3 Be7 7. Bd3 c6 8.
Qc2 O-O 9. Nge2 Re8 10. O-O Nf8 11. f3 Be6 12. Bh4 N6d7 13. Bf2 f6 14. Rad1 Bd6
15. e4 Nb6 16. b3 Qc7 17. Bg3 Bxg3 18. Nxg3 Rad8 1/2-1/2

[Event "Bayern-chTT (Oberliga)"]
[Site "Bayern 2008/09"]
[Date "2008.12.14"]
[Round "4.2"]
[White "Feustel, Bernd"]
[Black "Drexel, Michael"]
[Result "1-0"]
[WhiteElo "2239"]
[BlackElo "2253"]
[PlyCount "72"]
[EventDate "2009.03.??"]
[EventType "team-tourn"]
[EventRounds "9"]
[WhiteTeam "Königshofen 1"]
[BlackTeam "München-Bayern 2"]

1. c4 e6 2. Nf3 d5 3. b3 d4 4. g3 Nc6 5. Bg2 e5 6. d3 Bb4+ 7. Bd2 a5 8. O-O Nf6
9. Bg5 O-O 10. a3 Be7 11. Ne1 Nd7 12. Bxe7 Qxe7 13. Nc2 Nc5 14. Nd2 Bf5 15. b4
Na4 16. b5 Nc3 17. Qe1 Nd8 18. Nb1 Na4 19. f4 f6 20. Qf2 Nc5 21. Nd2 Nde6 22.
Bd5 Kh8 23. Qg2 Rab8 24. g4 Bxd3 25. exd3 Nxf4 26. Rxf4 exf4 27. Re1 Qd7 28.
Be4 Rbe8 29. Rf1 g5 30. Bf5 Qd6 31. Nf3 Nb3 32. Qf2 Rd8 33. h4 gxh4 34. Qh2 Rf7
35. Re1 Re7 36. Qxh4 Rg8 1-0

[Event "Bayern-chTT (Oberliga)"]
[Site "Bayern 2008/09"]
[Date "2008.12.14"]
[Round "4.3"]
[White "Schuette, Manfred"]
[Black "Studnicka, Tomas"]
[Result "1-0"]
[WhiteElo "2297"]
[BlackElo "2241"]
[PlyCount "155"]
[EventDate "2009.03.??"]
[EventType "team-tourn"]
[EventRounds "9"]
[WhiteTeam "München-Bayern 2"]
[BlackTeam "Königshofen 1"]

1. d4 Nf6 2. Nf3 g6 3. Bf4 Bg7 4. e3 O-O 5. Be2 d6 6. h3 Nbd7 7. O-O Re8 8. c4
b6 9. Nc3 Bb7 10. Qc2 e5 11. dxe5 dxe5 12. Bg5 h6 13. Bh4 e4 14. Nd4 a6 15.
Rfd1 Qc8 16. Rd2 Bf8 17. Bg3 Ne5 18. Rad1 c5 19. Nb3 Qe6 20. Nd5 Bxd5 21. cxd5
Qd7 22. d6 Bg7 23. Bxe5 Rxe5 24. a4 Qxa4 25. d7 Rd8 26. Ra1 Qc6 27. Rxa6 Rxd7
28. Rxd7 Nxd7 29. Nd2 Re7 30. Qb3 Qf6 31. Nc4 Kh7 32. Qb5 Ne5 33. Rxb6 Qg5 34.
Nxe5 Rxe5 35. Rb7 Rf5 36. Qe8 Qf6 37. Bc4 Re5 38. Qxf7 Qxf7 39. Rxf7 g5 40. g4
Kg6 41. Rc7 Bf8 42. Rc6+ Kg7 43. Be6 Kf6 44. Bf5+ Ke7 45. b3 Bg7 46. Ra6 h5 47.
Ra4 hxg4 48. hxg4 Kd6 49. Bxe4 Re8 50. Ra6+ Ke5 51. Bd3 Re6 52. Ra7 Bf6 53. Bc4
Rd6 54. Kg2 Bd8 55. Rf7 Rd1 56. Kf3 Kd6 57. Ke4 Rg1 58. f3 Be7 59. Rg7 Rg3 60.
Rg6+ Kc7 61. Bd5 Rg1 62. Re6 Kd7 63. Kf5 Bd8 64. f4 Rf1 65. Bc6+ Kc7 66. Bb5
Rf2 67. Rc6+ Kb7 68. Rxc5 gxf4 69. exf4 Kb6 70. Rc8 Bc7 71. Rxc7 Kxc7 72. Ke5
Kd8 73. f5 Rg2 74. Kf4 Ke7 75. g5 Rf2+ 76. Kg4 Kf7 77. Bc4+ Kg7 78. f6+ 1-0

[Event "Bayern-chTT (Oberliga)"]
[Site "Bayern 2008/09"]
[Date "2008.12.14"]
[Round "4.4"]
[White "Stross, Frantisek"]
[Black "Christensen, Niels"]
[Result "0-1"]
[WhiteElo "2298"]
[BlackElo "2159"]
[PlyCount "68"]
[EventDate "2009.03.??"]
[EventType "team-tourn"]
[EventRounds "9"]
[WhiteTeam "Königshofen 1"]
[BlackTeam "München-Bayern 2"]

1. e4 c5 2. Nc3 Nc6 3. Bb5 Nd4 4. Bc4 d6 5. Nge2 Nf6 6. d3 e6 7. Nxd4 cxd4 8.
Ne2 Qb6 9. O-O Be7 10. c3 dxc3 11. Nxc3 O-O 12. Qe2 Re8 13. Be3 Qa5 14. Bb3 b5
15. f3 b4 16. Nb1 Ba6 17. Bc4 d5 18. Bxa6 Qxa6 19. Re1 Rec8 20. e5 Nd7 21. d4
Qxe2 22. Rxe2 Rc7 23. Kf2 Nb6 24. b3 a5 25. a4 bxa3 26. Nxa3 Rc3 27. Rb2 Bxa3
28. Rxa3 Nc4 29. Bd2 Nxb2 30. Bxc3 Nd1+ 31. Ke1 Nxc3 32. b4 Nb5 33. Rxa5 Rxa5
34. bxa5 Kf8 0-1

[Event "Bayern-chTT (Oberliga)"]
[Site "Bayern 2008/09"]
[Date "2008.12.14"]
[Round "4.5"]
[White "Kunze, Holger"]
[Black "Sternheimer, Erhard"]
[Result "1/2-1/2"]
[WhiteElo "2068"]
[BlackElo "2194"]
[PlyCount "144"]
[EventDate "2009.03.??"]
[EventType "team-tourn"]
[EventRounds "9"]
[WhiteTeam "München-Bayern 2"]
[BlackTeam "Königshofen 1"]

1. d4 Nf6 2. c4 d6 3. Nc3 e5 4. d5 g6 5. e4 Bg7 6. Nf3 O-O 7. h3 Nbd7 8. Bg5 h6
9. Be3 Qe7 10. g4 Nc5 11. Nd2 a5 12. Be2 Nh7 13. Qc2 f5 14. f3 Qh4+ 15. Bf2 Qf6
16. O-O-O fxe4 17. Ndxe4 Nxe4 18. Nxe4 Qf4+ 19. Qd2 Qxd2+ 20. Kxd2 b6 21. Be3
Bd7 22. b3 Rfb8 23. a4 Rf8 24. h4 Rf7 25. h5 g5 26. Rdf1 Raf8 27. Ke1 Kh8 28.
Rf2 Kg8 29. Rhf1 Nf6 30. Bd3 Nxe4 31. Bxe4 Ra8 32. Ra2 Rff8 33. Ke2 Kf7 34. Bd2
Ra7 35. Rb1 Rfa8 36. Bc3 Ke7 37. Bc2 Rf8 38. Bd2 Rfa8 39. Be4 Ra6 40. Rba1 R6a7
41. Ra3 Ra6 42. R1a2 R6a7 43. Kd3 Ra6 44. Kc3 R6a7 45. b4 Bf6 46. bxa5 Rxa5 47.
Kb3 R5a6 48. Bb4 Kd8 49. a5 bxa5 50. Rxa5 Rxa5 51. Rxa5 Rxa5 52. Bxa5 Be7 53.
Bc3 Kc8 54. c5 Bb5 55. Kc2 Bc4 56. Kd2 Kd8 57. Ke3 Bf8 58. Kd2 Be7 59. Kc2 Bf8
60. Kb2 Be7 61. Ka3 Be2 62. Ka4 Bf8 63. cxd6 Bxd6 64. Kb3 Ke7 65. Ba5 Kd7 66.
Bc3 Ke7 67. Kc2 Kd8 68. Kd2 Bc4 69. Kc2 Ke7 70. Ba5 Kd8 71. Bc3 Ke7 72. Ba5 Kd8
1/2-1/2

[Event "Bayern-chTT (Oberliga)"]
[Site "Bayern 2008/09"]
[Date "2008.12.14"]
[Round "4.6"]
[White "Fischer, Thomas(92)"]
[Black "Braun, Thomas Dr(57)"]
[Result "1/2-1/2"]
[WhiteElo "2071"]
[BlackElo "2078"]
[PlyCount "74"]
[EventDate "2009.03.??"]
[EventType "team-tourn"]
[EventRounds "9"]
[WhiteTeam "Königshofen 1"]
[BlackTeam "München-Bayern 2"]

1. c4 e5 2. Nc3 Nf6 3. d3 Nc6 4. e4 Be7 5. g3 d6 6. Bg2 Nd4 7. h3 O-O 8. Nge2
Ne8 9. Nxd4 exd4 10. Ne2 c5 11. g4 b5 12. b3 bxc4 13. bxc4 Rb8 14. O-O Qa5 15.
Bd2 Qa3 16. Bc1 Qa6 17. f4 Bd7 18. f5 Qa4 19. Qd2 Bf6 20. Nf4 Bc6 21. Nh5 Be5
22. g5 Qb4 23. Qe2 Qc3 24. Bf4 Rb2 25. Qf3 Qc2 26. Bxe5 dxe5 27. Rf2 Qxf2+ 28.
Qxf2 Rxf2 29. Kxf2 f6 30. gxf6 gxf6 31. Bf3 Kf7 32. Rb1 Ng7 33. Rg1 Rg8 34.
Nxg7 Rxg7 35. Rxg7+ Kxg7 36. Bd1 Be8 37. h4 Kf8 1/2-1/2

[Event "Bayern-chTT (Oberliga)"]
[Site "Bayern 2008/09"]
[Date "2008.12.14"]
[Round "4.7"]
[White "Wengler, Joerg"]
[Black "Nemcova, Katrin"]
[Result "0-1"]
[WhiteElo "2070"]
[BlackElo "2310"]
[PlyCount "90"]
[EventDate "2009.03.??"]
[EventType "team-tourn"]
[EventRounds "9"]
[WhiteTeam "München-Bayern 2"]
[BlackTeam "Königshofen 1"]

1. e4 e5 2. Nf3 Nc6 3. d4 exd4 4. Nxd4 Nf6 5. Nxc6 bxc6 6. Bd3 d6 7. O-O Be7 8.
Re1 O-O 9. b3 Re8 10. Bb2 Bf8 11. Nd2 Rb8 12. Nf1 c5 13. Ng3 Bb7 14. Qd2 g6 15.
Rad1 Bg7 16. c4 Ng4 17. Bxg7 Kxg7 18. h3 Ne5 19. f4 Nc6 20. Qf2 Qf6 21. Re3 Nd4
22. Rf1 Re7 23. e5 dxe5 24. f5 Rbe8 25. Qe1 e4 26. fxg6 Qxg6 27. Bb1 Kh8 28.
Qf2 Rg8 29. Qf6+ Qxf6 30. Rxf6 Rg6 31. Rxg6 hxg6 32. Re1 f5 33. Kf2 Kg7 34. h4
Kf6 35. Ke3 Ke5 36. Rf1 Rf7 37. Ne2 Nxe2 38. Kxe2 f4 39. Rd1 Rh7 40. Rd8 Rxh4
41. Re8+ Kf5 42. Rf8+ Kg4 43. Rf7 Rh2 44. Rxc7 Rxg2+ 45. Kf1 Rb2 0-1

[Event "Bayern-chTT (Oberliga)"]
[Site "Bayern 2008/09"]
[Date "2008.12.14"]
[Round "4.1"]
[White "Milov, Leonid"]
[Black "Cicak, Slavko"]
[Result "1/2-1/2"]
[WhiteElo "2501"]
[BlackElo "2541"]
[PlyCount "28"]
[EventDate "2009.03.??"]
[EventType "team-tourn"]
[EventRounds "9"]
[WhiteTeam "Nürnberg-NT 1"]
[BlackTeam "Burgsinn 1"]

1. e4 c5 2. Nf3 g6 3. d4 Bg7 4. c4 Qa5+ 5. Bd2 Qb6 6. Bc3 Nc6 7. dxc5 Bxc3+ 8.
Nxc3 Qxb2 9. Nd5 Nf6 10. Rb1 Qxa2 11. Ra1 Qb2 12. Rb1 Qa2 13. Ra1 Qb2 14. Rb1
Qa2 1/2-1/2

[Event "Bayern-chTT (Oberliga)"]
[Site "Bayern 2008/09"]
[Date "2008.12.14"]
[Round "4.2"]
[White "Klundt, Klaus"]
[Black "Epding, Olaf"]
[Result "0-1"]
[WhiteElo "2311"]
[BlackElo "2157"]
[PlyCount "46"]
[EventDate "2009.03.??"]
[EventType "team-tourn"]
[EventRounds "9"]
[WhiteTeam "Burgsinn 1"]
[BlackTeam "Nürnberg-NT 1"]

1. e4 c5 2. Nf3 Nc6 3. d4 cxd4 4. Nxd4 Nf6 5. Nc3 d6 6. Bc4 e6 7. Be3 Be7 8.
Qe2 O-O 9. O-O-O d5 10. Bb3 Na5 11. e5 Nd7 12. f4 Nb6 13. h4 Bd7 14. g4 Rc8 15.
Rd3 Bb4 16. Bd2 Nbc4 17. Be1 Bc5 18. f5 Qc7 19. Bg3 Nxb2 20. Ndb5 Nxd3+ 21.
Qxd3 Nxb3+ 22. axb3 Qa5 23. Be1 Bb4 0-1

[Event "Bayern-chTT (Oberliga)"]
[Site "Bayern 2008/09"]
[Date "2008.12.14"]
[Round "4.3"]
[White "Kirchner, Thomas"]
[Black "Chandler, Patrick"]
[Result "1-0"]
[WhiteElo "2266"]
[BlackElo "2217"]
[PlyCount "61"]
[EventDate "2009.03.??"]
[EventType "team-tourn"]
[EventRounds "9"]
[WhiteTeam "Nürnberg-NT 1"]
[BlackTeam "Burgsinn 1"]

1. e4 d5 2. exd5 Qxd5 3. Nc3 Qd6 4. Nf3 Nf6 5. d4 c6 6. Be3 Bg4 7. Be2 Nbd7 8.
Qd2 e6 9. Bf4 Qb4 10. a3 Qa5 11. O-O Be7 12. h3 Bxf3 13. Bxf3 O-O 14. Nd5 Qd8
15. Nxe7+ Qxe7 16. Rfe1 Rfd8 17. c4 Nb6 18. Qc3 Rac8 19. Rad1 h6 20. b3 Qxa3
21. Ra1 Qe7 22. Rxa7 Ra8 23. Rea1 Rxa7 24. Rxa7 Nc8 25. Ra8 Nd7 26. Qa5 Ndb6
27. Rb8 g5 28. Bg3 Kg7 29. c5 Nd5 30. Bxd5 exd5 31. Qc7 1-0

[Event "Bayern-chTT (Oberliga)"]
[Site "Bayern 2008/09"]
[Date "2008.12.14"]
[Round "4.4"]
[White "Scheidt, Karlheinz"]
[Black "Martin, Thomas(66)"]
[Result "0-1"]
[WhiteElo "2086"]
[BlackElo "2266"]
[PlyCount "79"]
[EventDate "2009.03.??"]
[EventType "team-tourn"]
[EventRounds "9"]
[WhiteTeam "Burgsinn 1"]
[BlackTeam "Nürnberg-NT 1"]

1. e4 e6 2. d3 d5 3. Nd2 Nf6 4. Ngf3 Be7 5. g3 O-O 6. Bg2 c5 7. O-O Nc6 8. Re1
Re8 9. e5 Nd7 10. c3 f6 11. exf6 Bxf6 12. Nb3 Kh8 13. h4 h6 14. Nh2 Re7 15. Qh5
Nce5 16. Qe2 b6 17. f4 Nc6 18. Qh5 Nf8 19. Qf3 Bb7 20. Ng4 Nd7 21. Bd2 Qe8 22.
Qf2 Qg6 23. Ne3 Qxd3 24. Bf1 Qg6 25. f5 exf5 26. Nxd5 Rxe1 27. Rxe1 Bxh4 28.
Re3 Bg5 29. Nf4 Qf7 30. Bg2 Nde5 31. Bd5 Qf6 32. Rxe5 Nxe5 33. Bxb7 Rd8 34. Bg2
Ng4 35. Qf3 c4 36. Nd5 Qe5 37. Bxg5 Rxd5 38. Bf4 Qe1+ 39. Bf1 cxb3 40. Qxd5 0-1

[Event "Bayern-chTT (Oberliga)"]
[Site "Bayern 2008/09"]
[Date "2008.12.14"]
[Round "4.5"]
[White "Pauli, Alexander Dr"]
[Black "Lodes, Hermann"]
[Result "1/2-1/2"]
[WhiteElo "2170"]
[BlackElo "2072"]
[PlyCount "138"]
[EventDate "2009.03.??"]
[EventType "team-tourn"]
[EventRounds "9"]
[WhiteTeam "Nürnberg-NT 1"]
[BlackTeam "Burgsinn 1"]

1. e4 c6 2. d4 d5 3. Nc3 dxe4 4. Nxe4 Bf5 5. Nc5 b6 6. Nb3 e6 7. Bd3 Bxd3 8.
Qxd3 Bd6 9. Nf3 Nd7 10. c4 Bb4+ 11. Ke2 Ngf6 12. Bf4 O-O 13. Rhd1 Re8 14. Ne5
Qc8 15. Qf3 Nxe5 16. dxe5 Nd7 17. Rd3 Nc5 18. Nxc5 Bxc5 19. Rad1 Be7 20. Rd7
Rd8 21. Rxe7 Rxd1 22. Bg5 Qf8 23. Kxd1 h6 24. Bh4 g5 25. Bxg5 hxg5 26. Qf6 Qg7
27. Ke2 b5 28. Qxg7+ Kxg7 29. c5 Rd8 30. Rc7 Rd5 31. Rxc6 Rxe5+ 32. Kd2 Re4 33.
a3 Ra4 34. Kd3 Kf6 35. Rc7 e5 36. f3 Ke6 37. Rb7 a6 38. c6 f5 39. Rg7 Rd4+ 40.
Ke2 Kf6 41. Ra7 Ke6 42. Rxa6 Kd6 43. Rb6 Rd5 44. h3 Kc7 45. Ra6 Rc5 46. Kd2 Rc4
47. Ra7+ Kxc6 48. Rg7 g4 49. hxg4 f4 50. Rg8 Rd4+ 51. Kc3 Rd1 52. Rc8+ Kb6 53.
Re8 Re1 54. Kb4 Re2 55. b3 Kc6 56. Rc8+ Kd6 57. Kxb5 Rxg2 58. Rd8+ Ke6 59. Rd3
e4 60. Rd4 exf3 61. Rxf4 f2 62. a4 Ke5 63. Rf8 Ke4 64. a5 Ke3 65. a6 Rxg4 66.
a7 Rf4 67. Rxf4 Kxf4 68. a8=Q f1=Q+ 69. Kb6 Qf2+ 1/2-1/2

[Event "Bayern-chTT (Oberliga)"]
[Site "Bayern 2008/09"]
[Date "2008.12.14"]
[Round "4.6"]
[White "Krauss, Josef"]
[Black "Heimrath, Reiner"]
[Result "0-1"]
[WhiteElo "2049"]
[BlackElo "2178"]
[PlyCount "102"]
[EventDate "2009.03.??"]
[EventType "team-tourn"]
[EventRounds "9"]
[WhiteTeam "Burgsinn 1"]
[BlackTeam "Nürnberg-NT 1"]

1. e4 e5 2. Nf3 Nc6 3. Bc4 Be7 4. d4 d6 5. dxe5 dxe5 6. Qxd8+ Bxd8 7. Nc3 Nf6
8. Be3 Ng4 9. Bc5 b6 10. Bd5 Bd7 11. Ba3 f6 12. Rd1 Nh6 13. O-O Rb8 14. Rd2 Be7
15. Nb5 Bxa3 16. Nxc7+ Ke7 17. bxa3 Rbc8 18. Na6 Na5 19. Rfd1 Rhd8 20. Nb4 Bg4
21. Rd3 Nf7 22. Bxf7 Rxd3 23. Nxd3 Bxf3 24. gxf3 Kxf7 25. Nb4 Ke6 26. Rd3 Rc5
27. Kf1 Nc6 28. c3 Ne7 29. Ke2 a5 30. Nc2 Rb5 31. Rd8 Rb2 32. Kd2 Rb1 33. Rb8
h5 34. h4 Ng6 35. Rb7 Nxh4 36. Rxg7 Nxf3+ 37. Ke3 Rb2 38. Kxf3 Rxc2 39. Rc7 Kd6
40. Rc8 Rxa2 41. Kg3 Rxa3 42. Kh4 Ra2 43. f3 Rf2 44. Kg3 Rc2 45. Kh4 b5 46.
Kxh5 b4 47. Rd8+ Ke7 48. Ra8 Rxc3 49. Rxa5 Rxf3 50. Rb5 b3 51. Rb4 Kd6 0-1

[Event "Bayern-chTT (Oberliga)"]
[Site "Bayern 2008/09"]
[Date "2008.12.14"]
[Round "4.7"]
[White "Schulze, Hubertus"]
[Black "Seeger, Werner"]
[Result "0-1"]
[WhiteElo "2031"]
[BlackElo "2012"]
[PlyCount "74"]
[EventDate "2009.03.??"]
[EventType "team-tourn"]
[EventRounds "9"]
[WhiteTeam "Nürnberg-NT 1"]
[BlackTeam "Burgsinn 1"]

1. d4 d5 2. c4 e6 3. Nc3 Be7 4. Nf3 Nf6 5. Bg5 h6 6. Bh4 b6 7. cxd5 exd5 8. e3
Bb7 9. Bd3 Nbd7 10. O-O O-O 11. Rb1 Ne4 12. Bxe7 Qxe7 13. Qc2 Rfe8 14. b4 c6
15. a4 a6 16. Rfc1 b5 17. a5 Rad8 18. Bxe4 dxe4 19. Nd2 Nf6 20. Nb3 Nd7 21. Ne2
Nf6 22. Ng3 g6 23. Nc5 Bc8 24. Rb3 h5 25. f3 exf3 26. gxf3 h4 27. Nge4 Bf5 28.
Nxf6+ Qxf6 29. Qf2 Rxd4 30. Re1 Rc4 31. Nxa6 Rc2 32. Re2 Qa1+ 33. Kg2 h3+ 34.
Kg3 Rc1 35. Rbb2 g5 36. f4 Rg1+ 37. Kf3 g4# 0-1

[Event "Bayern-chTT (Oberliga)"]
[Site "Bayern 2008/09"]
[Date "2008.12.14"]
[Round "4.8"]
[White "Gutzeit, Kurt"]
[Black "Krauss, Hermann"]
[Result "1/2-1/2"]
[WhiteElo "1940"]
[BlackElo "1990"]
[PlyCount "40"]
[EventDate "2009.03.??"]
[EventType "team-tourn"]
[EventRounds "9"]
[WhiteTeam "Burgsinn 1"]
[BlackTeam "Nürnberg-NT 1"]

1. e4 c5 2. Nf3 e6 3. Nc3 a6 4. a4 Qc7 5. g3 b6 6. Bg2 Bb7 7. O-O d6 8. d4 cxd4
9. Nxd4 Nf6 10. Qe2 Be7 11. f4 Nbd7 12. e5 dxe5 13. fxe5 Bc5 14. Bxb7 Qxb7 15.
Rd1 Nd5 16. Ne4 O-O 17. Nxc5 bxc5 18. Nf3 c4 19. Rd4 c3 20. b3 Nc5 1/2-1/2

[Event "Bayern-chTT (Oberliga)"]
[Site "Bayern 2008/09"]
[Date "2008.12.14"]
[Round "4.1"]
[White "Taggatz, Mario"]
[Black "Cernousek, Lukas"]
[Result "1-0"]
[WhiteElo "2274"]
[BlackElo "2383"]
[PlyCount "81"]
[EventDate "2009.03.??"]
[EventType "team-tourn"]
[EventRounds "9"]
[WhiteTeam "Gröbenzell 1"]
[BlackTeam "Bamberg-SC 1"]

1. Nf3 d6 2. d4 Bg4 3. e4 Nf6 4. h3 Bh5 5. Nc3 e6 6. Qe2 a6 7. g4 Bg6 8. h4 h6
9. h5 Bh7 10. g5 hxg5 11. Nxg5 d5 12. Nxh7 Rxh7 13. Bg5 c5 14. e5 Qb6 15. O-O-O
cxd4 16. Na4 Qb4 17. exf6 Qxa4 18. Kb1 Nd7 19. Qd3 Rh8 20. fxg7 Bxg7 21. h6 Bf8
22. b3 Qb4 23. Bg2 Ne5 24. Qxd4 Qxd4 25. Rxd4 Be7 26. Bc1 Ng6 27. c4 Bf6 28.
Rdd1 dxc4 29. Bxb7 Rb8 30. Bxa6 cxb3 31. a4 Kf8 32. Bb5 Kg8 33. Bb2 Bxb2 34.
Kxb2 Kh7 35. Kxb3 Ne5 36. Rdg1 Rhg8 37. Rxg8 Rxg8 38. Kb4 Ng4 39. Rg1 Nxh6 40.
Rxg8 Nxg8 41. a5 1-0